[Event "Challenge"]
[Site "http://www.queenalice.com/game.php?id=32488"]
[Date "2005.10.10"]
[Round "-"]
[White "claudiofer"]
[Black "Alantang1963"]
[Result "0-1"]
[WhiteElo "1325"]
[BlackElo "987"]

1. e3 d5 2. Nc3 Nf6 3. Nf3 Bg4 4. e4 dxe4 5. Be2 exf3 6. Bxf3 Bxf3 7. Qxf3 Nc6
8. O-O Nd4 9. Qxb7 e5 10. b3 Nxc2 11. Rb1 Bd6 12. b4 Ng4 13. Qc6+ Kf8 14. Nb5
Qh4 15. Qf3 Qxh2# 0-1

[Event "Challenge"]
[Site "http://www.queenalice.com/game.php?id=32779"]
[Date "2005.10.12"]
[Round "-"]
[White "Eloisio"]
[Black "Alantang1963"]
[Result "1-0"]
[WhiteElo "1433"]
[BlackElo "1171"]

1. h3 c6 2. Nc3 Nf6 3. a3 e6 4. e3 Bc5 5. d4 Bd6 6. Bd3 b6 7. Ne4 Nxe4 8. Bxe4
O-O 9. Nf3 Bb7 10. b3 Qf6 11. c4 Na6 12. Qd3 Rab8 13. Bxh7+ Kh8 14. Be4 c5 15.
Bxb7 Rxb7 16. O-O 1-0

[Event "Challenge"]
[Site "http://www.queenalice.com/game.php?id=32798"]
[Date "2005.10.12"]
[Round "-"]
[White "claudiofer"]
[Black "Alantang1963"]
[Result "0-1"]
[WhiteElo "1393"]
[BlackElo "1144"]

1. e3 d5 2. c3 Nf6 3. Nf3 Bg4 4. h3 Bh5 5. Qe2 e6 6. g4 Bg6 7. Qb5+ Nc6 8. Qxb7
Na5 9. Qb5+ Qd7 10. Qxa5 Bd6 11. g5 Ne4 12. Bb5 c6 13. Ba4 e5 14. d4 exd4 15.
Nxd4 Rc8 16. Bxc6 Rxc6 17. Nxc6 Qxc6 18. f3 Ng3 19. Rg1 Qc4 20. Nd2 Qe2# 0-1

[Event "Challenge"]
[Site "http://www.queenalice.com/game.php?id=33014"]
[Date "2005.10.13"]
[Round "-"]
[White "jaychess"]
[Black "Alantang1963"]
[Result "1-0"]
[WhiteElo "1336"]
[BlackElo "1012"]

1. e4 c5 2. Bc4 e6 3. Qf3 Bd6 4. Nh3 Nf6 5. Nc3 b6 6. O-O O-O 7. d3 Bb7 8. Bg5
Be5 9. Bxf6 Qxf6 10. Qxf6 Bxf6 11. Rae1 Nc6 12. g4 Bxc3 13. bxc3 Ne5 14. Bb5
Nf3+ 15. Kg2 Nxe1+ 16. Rxe1 1-0

[Event "Challenge"]
[Site "http://www.queenalice.com/game.php?id=33018"]
[Date "2005.10.13"]
[Round "-"]
[White "claudiofer"]
[Black "Alantang1963"]
[Result "1-0"]
[WhiteElo "1374"]
[BlackElo "1252"]

1. e3 Nc6 2. Bc4 e5 3. Qf3 Nf6 4. g4 d6 5. g5 Bg4 6. Qg2 Nh5 7. Qxg4 g6 8. Qf3
Qxg5 9. Qxf7+ Kd8 10. Be6 Be7 11. Nf3 Qg2 12. Rg1 Qh3 13. Bxh3 Rf8 14. Qxh7 Rxf3
15. Qh8+ Bf8 16. Rxg6 Ke7 17. Qxh5 Re8 18. Qxf3 Kd8 19. d4 exd4 20. Qg4 Ke7 21.
Qd7# 1-0

[Event "AUTO-OPEN-161"]
[Site "http://www.queenalice.com/game.php?id=33840"]
[Date "2005.10.19"]
[Round "1"]
[White "Alantang1963"]
[Black "Duncan"]
[Result "0-1"]
[WhiteElo "1254"]
[BlackElo "1974"]

1. e4 c5 2. Bc4 Nc6 3. Qf3 Nf6 4. d3 Ne5 5. Qf4 Nxc4 6. dxc4 d6 7. Nf3 g6 8. Nc3
Bg7 9. Qg5 a6 10. Bf4 h6 11. Qg3 Nh5 12. Qh4 Bf6 13. Qxh5 gxh5 14. O-O-O Qb6 15.
Na4 Qb4 16. b3 Bd7 17. Rhe1 Bxa4 18. Bd2 Qa3+ 19. Kb1 Qb2# 0-1

[Event "AUTO-OPEN-161"]
[Site "http://www.queenalice.com/game.php?id=33841"]
[Date "2005.10.19"]
[Round "1"]
[White "Duncan"]
[Black "Alantang1963"]
[Result "1-0"]
[WhiteElo "2011"]
[BlackElo "1254"]

1. e4 c5 2. Nf3 e6 3. d4 cxd4 4. Nxd4 e5 5. Nf3 Qf6 6. Bg5 Qb6 7. b3 Nh6 8. Bd3
Ng4 9. O-O Be7 10. Bxe7 Kxe7 11. Nc3 Qh6 12. h3 Nf6 13. Nxe5 Nc6 14. Nf3 Nh5 15.
Nd5+ Kd8 16. Re1 Nf4 17. Nxf4 Qxf4 18. e5 d5 19. exd6 1-0

[Event "AUTO-OPEN-161"]
[Site "http://www.queenalice.com/game.php?id=33842"]
[Date "2005.10.19"]
[Round "1"]
[White "Alantang1963"]
[Black "Pegasus"]
[Result "0-1"]
[WhiteElo "1151"]
[BlackElo "1629"]

1. e4 e5 2. Nf3 Nc6 3. Bb5 d6 4. c3 Bd7 5. d4 exd4 6. cxd4 a6 7. Bc4 b5 8. Bd5
Nf6 9. Ng5 Nxd5 10. Qf3 f6 11. Nh3 Nxd4 12. Qd1 Bxh3 13. gxh3 Nb4 14. a3 Nbc2+
15. Kd2 Nxa1 0-1

[Event "AUTO-OPEN-161"]
[Site "http://www.queenalice.com/game.php?id=33843"]
[Date "2005.10.19"]
[Round "1"]
[White "Pegasus"]
[Black "Alantang1963"]
[Result "1-0"]
[WhiteElo "1627"]
[BlackElo "1151"]

1. d4 d5 2. c4 Nf6 3. Nc3 c6 4. Bg5 e6 5. cxd5 cxd5 6. Nf3 Bb4 7. Ne5 Qc7 8.
Qa4+ Bd7 9. Qxb4 Nc6 10. Nxc6 Bxc6 11. Bxf6 gxf6 12. Rc1 Qf4 13. e3 Qg5 14. f4
Qf5 15. Bb5 O-O-O 16. O-O Rhg8 17. Bxc6 1-0